| 000 | 00356nam a2200157Ia 4500 | ||
|---|---|---|---|
| 008 | 210210b1940 xxu||||| |||| 00| 0 eng d | ||
| 041 | _aeng | ||
| 082 | _a829/986 | ||
| 100 | _aSEYMOUR (B K) | ||
| 245 | _aHappier Eden | ||
| 260 |
_aLondon _bNot Mentioned _c1940 |
||
| 650 | _aHappier | ||
| 650 | _aEden | ||
| 690 | _aEnglish Fiction | ||
| 906 | _a017601 | ||
| 999 |
_c137585 _d137585 |
||